Identifikácia porúch výrobného zariadenia na základe vibračnej analýzy [CD-ROM]

Salvato in:
Dettagli Bibliografici
Autore principale: Hollósy, Jakub, 1986- (Autore)
Altri autori: Bachratý, Michal, 1959- (xxx)
Natura: Manoscritto Libro
Lingua:slovacco
Pubblicazione: Bratislava : STU v Bratislave SjF, 2009
Soggetti:
Tags: Aggiungi Tag
Nessun Tag, puoi essere il primo ad aggiungerne!!

MARC

LEADER 00000ntm a22000003a 4500
001 stu219278
005 20150617230118.9
008 101213s2009----xo------------------slo-d
040 |a STU  |b slo 
041 0 |a slo 
044 |a xo 
100 1 |a Hollósy, Jakub,  |d 1986-  |4 aut  |u J  |T SjF Strojnícka fakulta  |X 13257  |U J  |Y 20  |7 A000013257 
242 0 0 |a Fault detection and identification for production equipment based on vibration analysis  |y eng 
245 1 |a Identifikácia porúch výrobného zariadenia na základe vibračnej analýzy [CD-ROM] 
260 |a Bratislava :  |b STU v Bratislave SjF,  |c 2009 
300 |a 67 s 
650 7 |a Vibračná analýza  |2 stusub 
650 7 |a identifikácia  |2 stusub 
650 7 |a detekcia  |2 stusub 
650 7 |a vibration analysis  |2 estusub 
700 1 |a Bachratý, Michal,  |d 1959-  |4 xxx  |u J0070  |U SjF Strojnícka fakulta  |T SjF Ústav výrobných systémov, enviromentálnej techniky a manažment kvality  |X 2443  |U J0070  |Y 804  |7 A000002443 
996 |b 284J035888  |c J*498/DP  |l JJSK  |s A  |a 24  |w stu219278_0001